| 000 | 00719nam a2200217Ii 4500 | ||
|---|---|---|---|
| 003 | JO-AjNU | ||
| 008 | 230605s9999||||xx |||||||||||||| ||und|| | ||
| 017 | _a1995/9/800 | ||
| 040 |
_aJO-AjNU _bara _erda _cJO-AjNU |
||
| 041 | _aara | ||
| 050 | 1 | 4 | _aBP173.756.D32 1996 |
| 100 | 3 |
_aالدبو، ابراهيم فاضل, _eauthor _929976 |
|
| 245 | 0 | 0 | _aالمعادن والركاز : دراسة في الإقتصاد الإسلامي |
| 250 | _aط1 | ||
| 264 | 3 | 1 | _aعمان: دار عمار، 1996 |
| 300 | _a133ص | ||
| 336 |
_atext _btxt _2rdacontent |
||
| 337 |
_aunmediated _bn _2rdamedia |
||
| 338 |
_avolume _bnc _2rdacarrier |
||
| 650 | 4 |
_aالاسلام والاقتصاد- مصادر معدنية _929977 |
|
| 999 |
_aA11826 _c15394 _d15394 |
||